|
|
|
|
| LEADER |
00000nam a2200000 a 4500 |
| 001 |
vtls001377286 |
| 003 |
SK-MaSNL |
| 005 |
20260302000640.0 |
| 008 |
240318s1987 PL 0 pol |
| 020 |
|
|
|a 8304025507
|
| 035 |
|
|
|a SNK000331230
|
| 040 |
|
|
|a SNK
|b slo
|c SNK
|e AACR2
|
| 041 |
0 |
|
|a pol
|
| 044 |
|
|
|a PL
|
| 100 |
1 |
|
|a Zawialska, Maria
|4 aut
|9 635519
|
| 245 |
1 |
0 |
|a Biblioteka Zakładu Narodowego imienia Ossolińskich we Wroclawiu
|b informator
|c teksty oprac. Maria Zawialska
|
| 260 |
|
|
|a Wrocław
|b Zakł. Narodowy im. Ossolińskich - Wydaw. PAN
|c 1987
|
| 300 |
|
|
|a 29, [1] s.
|c 8°
|
| 919 |
|
|
|a 83-04-02550-7
|
| 958 |
|
|
|a RK
|
| 958 |
|
|
|a OND
|
| 999 |
|
|
|c 980482
|d 982412
|
| 952 |
|
|
|t P60, <04>, [BOOK], {604}
|a SNK
|b SNK
|y VYP
|7 0
|o snkID 89782
|i snkV 3564/89
|0 0
|1 0
|4 0
|d 1999-11-18
|l 0
|r 2005-01-02 00:00:00
|w 2026-02-24
|